Tables des Comptes rendus des seances de l'Academie des sciences.

Bibliographic Details
New Title:Comptes rendus hebdomadaires des seances de l'Academie des sciences.
Corporate Author: Académie des sciences (France)
Format: Serial
Language:French
Published: Paris, France : Gauthier-Villars, [19 -1973]

MARC

Tag First Indicator Second Indicator Subfields
LEADER 00000cas a2200000 a 4500
001 in00000079663
005 20151008053947.0
008 810604d19661973fr fu 0u ub0fre d
035 |a (OCoLC)07475742 
035 |9 AAH9192AM 
040 |a SMI  |c SMI  |d TXA  |d UtOrBLW 
049 |a TXAE 
090 |a Q2  |b .A27 
245 0 0 |a Tables des Comptes rendus des seances de l'Academie des sciences. 
246 1 3 |a Supplement aux comptes rendus de lAcademie des sciences. 
264 1 |a Paris, France :  |b Gauthier-Villars,  |c [19 -1973] 
300 |a  volumes ;  |c 27 cm. 
336 |a text  |b txt  |2 rdacontent 
337 |a unmediated  |b n  |2 rdamedia 
338 |a volume  |b nc  |2 rdacarrier 
500 |a Description based on: T. 277 (nov. 1973). 
710 2 |a Académie des sciences (France) 
785 0 0 |t Comptes rendus hebdomadaires des seances de l'Academie des sciences. 
948 |a t1 
999 |a MARS 
999 f f |s 9e36986c-b698-3deb-82b4-1d69ee74bfd9  |i 2a02ec6d-4207-3242-b5ef-9de5a3b8cc2c  |t 0 
952 f f |p ric  |a Texas A&M University  |b Rellis Campus  |c Joint Library Facility  |d Remote Storage  |t 0  |e Q2 .A27  |h Library of Congress classification  |i unmediated -- volume  |k T.268,270-277  |l 1969-1973  |m A14841140727 
998 f f |a Q2 .A27  |s T.270-277 (1970-1973)  |t 0  |l Remote Storage